Cost accounting: A managerial emphasis (Record no. 23862)

MARC details
000 -LEADER
fixed length control field 00345nam a2200133Ia 4500
082 ## - DEWEY DECIMAL CLASSIFICATION NUMBER
Classification number 657.47
Item number HOR;1
100 ## - MAIN ENTRY--AUTHOR NAME
Personal name Horngren, Charles T
245 #0 - TITLE STATEMENT
Title Cost accounting: A managerial emphasis
250 ## - EDITION STATEMENT
Edition statement 3
260 ## - PUBLICATION, DISTRIBUTION, ETC. (IMPRINT)
Place of publication New Delhi
Name of publisher Prentice Hall
Year of publication 1976
650 ## - SUBJECT ADDED ENTRY--TOPICAL TERM
Topical Term Cost accounting
942 ## - ADDED ENTRY ELEMENTS (KOHA)
Koha item type Books
Holdings
Withdrawn status Lost status Damaged status Not for loan Home library Current library Date acquired Cost, normal purchase price Full call number Accession Number Koha item type
        RRII Library RRII Library 16/12/2021 35.00 657.47 HOR;1 04556 Books